Proceso contencioso por don Alonso Antonio de Paz, caballero de la Orden de Santiago, caballerizo del Rey, poseedor del mayorazgo que fundó Alonso de Paz su abuelo y consortes, contra la princesa de Melito y demás acredores a los bienes libres que guardaron por fin y muerte de don Alonso de Paz, su padre, que fue del Consejo de Hacienda...

Detalles Bibliográficos
Formato: Libro
Publicado: s.l., s.f.
Materias:
Colección:Banco de datos
Acervo:Biblioteca Palafoxiana. Colección de Manuscritos
Descripción Física:7 f. ; 21.5 x 31 cm.
Tema general:Civil
LEADER 00643nam a22001330004500
035 |a 1165 
245 1 0 |a Proceso contencioso por don Alonso Antonio de Paz, caballero de la Orden de Santiago, caballerizo del Rey, poseedor del mayorazgo que fundó Alonso de Paz su abuelo y consortes, contra la princesa de Melito y demás acredores a los bienes libres que guardaron por fin y muerte de don Alonso de Paz, su padre, que fue del Consejo de Hacienda... 
260 |a s.l., s.f. 
300 |a 7 f. ; 21.5 x 31 cm. 
650 1 0 |a Civil 
949 |a 19976/003 
942 |c PALAMANU 
943 |g Biblioteca Palafoxiana. Colección de Manuscritos 
999 |c 1069110  |d 1069110